000 00485nam a22001937a 4500
003 MPLRDC
005 20220104195046.0
008 210129b ||||| |||| 00| 0 eng d
020 _a978-986-408-048-9
082 _a411.3 LYQ
100 _a刘英钦
245 _a原来你误会油了
_c
250 _a初版
260 _a台湾
_b城邦文化事业股份有限公司
_c2015
300 _b
490 _aHEALTHY LIFE 02
650 _a健康饮食
942 _cBK
_o411.3 LYQ
999 _c65991
_d65981